Rhythm Games Quiz - Statistics

General Stats
  • This quiz has been taken 181 times
  • The average score is 8 of 15
Answer Stats
Hint Answer % Correct
free-to-play with circles and spinners osu
92%
vr saber game beat saber
90%
5 lane with guitar shaped controller guitar hero
80%
4 lane pay-to-win on Roblox robeats
66%
horizontal story game on being a doctor rhythm doctor
65%
Japanese drum game taiko no tatsujin
65%
mobile game, two different heighted lanes arcaea
59%
horizontal "cool parkour" game characters are all women muse dash
52%
open-source 4 lanes arrow game friday night funkin
45%
laned and has its own controller sound voltex
40%
platform style rhythm game geometry dash
38%
one button horizontal beat-based a dance of fire and ice
32%
bullet hell-like rhythm game just shapes and beats
30%
upcoming community-based 4 lane quaver
26%
vr game with circles and spinners McOsu
10%
No matching quizzes found
Score Distribution
Percent of People with Each Score
Percentile by Number Answered
Your Score History
You have not taken this quiz